Statistics for Pixelated France Map

Click here to take the quiz!

General Stats

  • This quiz has been taken 627 times
  • The average score is 94 of 177

Answers on the Map

Answers color-coded by a green-red scale on the quiz's map according to % correct below.
 

Answer Stats

Region% Correct
Brittany
86%
Normandy
86%
Corsica
79%
Île-de-France
66%
Provence-Alpes-Côte d'Azur
61%
Pays de la Loire
52%
Nouvelle Aquitaine
50%
Bourgogne-Franche-Comté
49%
Grand Est
47%
Occitanie
47%
Auvergne-Rhône-Alpes
45%
Centre-Val de Loire
44%
Hauts-de-France
39%

Score Distribution

Percentile by Number Answered

Percent of People with Each Score

Your Score History

You have not taken this quiz